000 00733cab a2200229 4500
001 WB3236-38
008 090401t1996 xxu||||| |||| 00| 0 eng d
035 _a(Sirsi) u8061
041 _aeng
245 _aFeelgood factor for QS
260 _c1996
350 _a0
490 _aConstruction News
_v(6484) 26 September 1996, 3
490 _aBuilding
_v39 (7959) 27 September 1996, 10(2)
520 _aA survey carried out by `Building` has found that firms are taking on more full-time staff and giving pay rises as workloads increase.
650 _aQUANTITY SURVEYORS
650 _aRECRUITMENT
650 _aSALARIES
690 _aMANAGEMENT-BUSINESS MANAGEMENT-PROFESSIONAL PRACTICE
942 _n0
948 _c04/03/1997
999 _c4911
_d4911